000
00261nam a2200133Ia 4500
100
_a
Tostoi/Lev
650
_a
General
942
_c
BK
245
_a
Resurrection
260
_b
Progress Publishers
_c
1953
082
_a
891
300
_a
585
546
_a
ENGLISH
999
_c
24529
_d
24529